000 00835nam a2200229Ii 4500
003 JO-AjNU
008 230605s9999||||xx |||||||||||||| ||und||
017 _a2009/7/3418
020 _a978-9957-33-189-4
040 _aJO-AjNU
_bara
_erda
_cJO-AjNU
041 _aara
050 1 4 _aG155.A67.B39 2010
100 3 _aبظاظو، إبراهيم,
_eauthor
_928912
245 0 0 _aالجغرافيا السياحية: تطبيقلت على الوطن العربي
250 _aط1
264 3 1 _aعمان: مؤسسة الوراق، 2010
300 _a611ص
_bخرائط وصور توضيحية
336 _atext
_btxt
_2rdacontent
337 _aunmediated
_bn
_2rdamedia
338 _avolume
_bnc
_2rdacarrier
650 4 _aصناعة السياحة-السياحة-الاماكن السياحية -البلدان العربية
_928913
999 _aA11274
_c14842
_d14842